| 000 | 00873nam a2200193 i 4500 | ||
|---|---|---|---|
| 001 | 154430 | ||
| 003 | ES-MaACL | ||
| 005 | 20250813040333.0 | ||
| 008 | 931025s1857 sp |||| | spa d | ||
| 100 | 1 |
_aGómez de la Serna, Pedro. _957900 |
|
| 245 | 1 | 0 | _aDiscursos leídos ante la Real Academia de la Historia en la recepción pública de D. Pedro Gómez de la Serna en 13 diciembre de 1857. |
| 260 |
_aMadrid : _b[s.n.], _c1857 ( _fImp. de la Revista de Legislación a cargo de Julián Morales) |
||
| 300 |
_a72 p. ; _c26 cm. |
||
| 505 | 8 | _aTema: Reinado de D. Alfonso X, el Sabio . Contestación de D. Modesto Lafuente | |
| 600 | 0 | 4 |
_aAlfonso _bX, _cRey de Castilla _919872 |
| 700 | 1 |
_aLafuente, Modesto, _d1806-1866 _969535 |
|
| 852 | 4 |
_aES-MaACL _jT-40-F-5 _z- Enc. hol., falto de cub. original _z- Enc. en un vol. facticio |
|
| 999 |
_c154430 _d154430 |
||